000 00661cam a2200193 4500
001 WB3533-14
008 000000n1999 000 0 eng u
035 _a(Sirsi) u102588
245 _aNortherners heed South's siren call.
260 _c1999
490 _aGuardian
_v 27 August 1999, 3(2)
520 _aGovernment figures show that almost 250,000 people have left the old industrial communities of the north and midlands since 1991 for southern and eastern England. Profiles of Ely and Redcar. Statistics.
650 _aELY
650 _aREDCAR
650 _aMIGRATION
650 _aNORTH SOUTH DIVIDE
690 _aECONOMIC AND SOCIAL
942 _n0
999 _c61589
_d61589